000
nam a22 7a 4500
999
_c
51612
_d
51612
003
OSt
005
20220412123158.0
008
220412b xxu||||| |||| 00| 0 eng d
040
_c
SEROSOFT
100
_a
BARE ACT
245
_a
ENVIRONMENTAL LAW
260
_a
COMMERCIAL LAW PUB
_b
COMMERCIAL LAW PUB
300
_a
353
942
_2
ddc
_c
01